| 000 | 00429nam a2200169 a 4500 | ||
|---|---|---|---|
| 001 | 0334 | ||
| 005 | 20140414132016.0 | ||
| 008 | 040910s19uu xx 00 eng d | ||
| 020 | _a0590108115 | ||
| 050 |
_aTR _bCl61 1998 |
||
| 245 | _aClifford and the big parade. | ||
| 260 |
_aNew York : _bScholastic, _c1998. |
||
| 300 | _a26 [unp.] ill. ; cm. | ||
| 440 | _aClifford's | ||
| 650 |
_aparade- _xFiction. |
||
| 999 |
_c113378 _d113378 |
||